000 00481nam a2200181Ia 4500
005 20250508163641.0
008 008 250505s9999 xx 000 0 hin d
037 _aTextual
040 _aFEDL
_beng
_cFEDL
041 _ahin
_2eng
084 _a657.45, KHA
_qFEDL
100 _aKhandelwal M C
245 0 _aPrabandh ankeshan
260 _aJaipur, India
_bRamesh Book Depot
_c1996
300 _a460p.
942 _cTEXL
_h657.45, KHA
999 _c1384518
_d1384518